LIBRARY & INFORMATION CENTRE, KCAET, TAVANUR

ONLINE PUBLIC ACCESS CATALOGUE (OPAC)

Agro - Entrepreneurship (Record no. 15657)

MARC details
000 -LEADER
fixed length control field 00423nam a22001697a 4500
003 - CONTROL NUMBER IDENTIFIER
control field OSt
008 - FIXED-LENGTH DATA ELEMENTS--GENERAL INFORMATION
fixed length control field 190523b ||||| |||| 00| 0 eng d
020 ## - INTERNATIONAL STANDARD BOOK NUMBER
ISBN 9789387307391
020 ## - INTERNATIONAL STANDARD BOOK NUMBER
ISBN 9387307395
082 ## - DEWEY DECIMAL CLASSIFICATION NUMBER
Classification number 630
Item number PAN/AG
100 ## - MAIN ENTRY--AUTHOR NAME
Personal name Panigrahy, Shakti Ranjan.
245 ## - TITLE STATEMENT
Title Agro - Entrepreneurship
260 ## - PUBLICATION, DISTRIBUTION, ETC. (IMPRINT)
Place of publication Jodhpur
Name of publisher Scientific Publishers
Year of publication 2017
300 ## - PHYSICAL DESCRIPTION
Number of Pages 213 p.
700 ## - ADDED ENTRY--PERSONAL NAME
Personal name Baljeet, Singh
942 ## - ADDED ENTRY ELEMENTS (KOHA)
Koha item type Books
Holdings
Withdrawn status Lost status Damaged status Collection code Home library Current library Shelving location Date acquired Full call number Accession Number Koha item type Source of acquisition Cost, normal purchase price
      Non-fiction KAUAET KAUAET General Stacks 23/05/2019 630 PAN/AG 25878 Books    
      General Books KAUAET KAUAET Scheme 27/07/2020 630 PAN/AG BB 569 Book Bank scheme for SC students Aman Book stall 950.00
free website counter